| 000 | 00443pab a2200157 454500 | ||
|---|---|---|---|
| 008 | 180718b2006 xxu||||| |||| 00| 0 eng d | ||
| 100 | _aPennisi, Giuseppe | ||
| 245 | _aPublic management training economic analysis: a real options approach | ||
| 260 | _c2006 | ||
| 300 | _ap.417-29. | ||
| 362 | _aSep | ||
| 650 | _aPublic administration | ||
| 650 | _aTraining | ||
| 773 | _aInternational Review of Administrative Sciences | ||
| 909 | _a71932 | ||
| 999 |
_c71932 _d71932 |
||